000
00341nam a2200157Ia 4500
005
20250425161029.0
008
250425s9999 xx 000 0 und d
041
_a
spa
082
_a
IBM4381
245
0
_a
EL SIGLO DE LAS LUCES
250
_a
S.E.
260
_a
S.L.
260
_a
Sin Pais
_b
SEIX
_c
1976
942
_c
01
010
_a
10994
999
_c
201042
_d
201042